| 000 | 00576nam a22002057a 4500 | ||
|---|---|---|---|
| 003 | OSt | ||
| 008 | 230518b2019 |||||||| |||| 00| 0 eng d | ||
| 020 | _a9788131532041 | ||
| 082 |
_a658.4012 _bSIN-E |
||
| 100 | _aSingla, Ashim Raj | ||
| 245 |
_aEnterprise resource planning / _cAshim Raj Singla |
||
| 250 | _a2nd ed. | ||
| 260 |
_aDelhi : _bCengage Learning, _c2019 |
||
| 300 | _axv, 365 p. ; | ||
| 650 | _aManagement information systems | ||
| 650 | _aProduction planning | ||
| 650 | _aBusiness planning | ||
| 650 | _aEnterprise resource planning | ||
| 942 |
_2ddc _cBK _02 |
||
| 999 |
_c19563 _d19563 |
||